1532 1597 1172 1720 1154 1949 1098 1693 1815 1801 1500 1133 1075 1422 1395 1644 1550 1787 1461 1813 1640 1159 1980 1127 1823 1288 1746 1565 1862 1002 1737 1183 1887 1007 1477 1963 1582 1857 1974 1355 1911 1119 1065 1477 1672 1183 1126 1695 1337 1360 1523 1932 1444 1666 1771 1214 1665 1338 1018 1657 1296 1099 1206 1435 1496 1357 1118 1124 1075 1981 1812 1529 1529 1206 1683 1237 1704 1402 1130 1453 1632 1647 1097 1312 1562 1019 1488 1851 1415 1564 1921 1077 1138 1534 1316 1896 1797 1699 1313 BCNSPRNW ULIB Ver.6.0+V

เปลี่ยนเป็นภาษาไทย

Change to English
 แสดงรายละเอียดบรรณานุกรม
  กลับหน้าหลัก

Brief Record : Get Marc (ISO 2709) : E-mail record : QR code < ปิดหน้าต่าง
LEADER : 00000nam 2200000uu 4500
001    13399110714
003     ULIB
008    110608s2552||||th 000 0 tha d
020    9789744141088
060 04 WM172^bฮ389ก 2552
100 1  ฮาลโลเวล, เอ็ดเวิร์ด
245 10 กลวิธีการจัดการความเครียดสำหรับผุ้นำ =^bManaging stress/^cโดย Edward Hallowell ; ผู้แปล, ณัฐวรรธน์ กิจรัตนโกศล
246 31 Managing stress
250    พิมพ์ครั้งที่ 1
260    กรุงเทพฯ :^bเอ็กซเปอร์เน็ท,^c2552
300    140 หน้า ;^c21 ซม.
650  7 การบริหารความเครียด
650  7 ความเครียดในการทำงาน
650  7 ความเครียดทางจิต
700 1  Hallowell, Edward
700 0  ณัฐวรรธน์ กิจรัตนโกศล,^eผู้แปล
945    ^p120^l0^i18234
995    กัณชพร
999 ^a ใช้งานได้ทุกระบบ
รายการนี้ยังไม่มีแท็ก
คุณยังไม่ได้ล็อกอิน คุณสามารถมีกิจกรรมร่วมกับเว็บไซต์ได้ แต่ต้องล็อกอินก่อน ::
  ล็อกอิน

รายการสื่อสารสนเทศ

ลำดับที่ ประเภท เลขเรียก/บาร์โค้ด สถานที่ สถานะ
1. วิทยาศาสตร์การแพทย์ และสุขภาพ
วิทยาศาสตร์การแพทย์ และสุขภาพ
WM172 ฮ389ก 2552  
  Barcode: 18234
ห้องสมุดวิทยาเขตสวรรค์ประชารักษ์
►ส่วนจัดเก็บหนังสือเก่า สปร
บนชั้น
  ขอยืม

รายการใกล้เคียง
    ผู้แต่ง [ฮาลโลเวล, เอ็ดเวิร์ด]

    หัวเรื่อง [การบริหารความเครียด]
    หัวเรื่อง [ความเครียดในการทำงาน]
    หัวเรื่อง [ความเครียดทางจิต]

BibComment


ยังไม่เคยถูกคอมเมนท์

คอมเมนท์ทรัพยากรรายการนี้
  คอมเมนท์: กลวิธีการจัดการคว..


 Copyright 2026. Bcnsprnw @Library